000 00636cam a2200181 a 4500
020 _a9780324654547 (pbk.)
020 _a0324654545 (pbk.)
050 0 0 _aKF889
_b.M52 2008
100 1 _aMiller, Roger LeRoy.
245 1 0 _aBusiness law today :
_bthe essentials : text & summarized cases : e-commerce, legal, ethical, and international environment /
_cRoger LeRoy Miller, Gaylord A. Jentz.
250 _a8th ed.
260 _aMason, OH [USA] :
_bThomson/West,
_cc2008.
300 _a1 v. (various pagings) :
500 _aIncludes index.
650 _xUnited States ;
_xCommercial law.
700 1 _aJentz, Gaylord A.
942 _2lcc
_cGEN
999 _c8039
_d8039